International Focus on the Czech Republic (Record no. 82562)

MARC details
000 -LEADER
fixed length control field 01025cad a22001935a 4500
001 - CONTROL NUMBER
control field L150570
008 - FIXED-LENGTH DATA ELEMENTS--GENERAL INFORMATION
fixed length control field 100729e2010 xxk 000 0 eng d
035 ## - SYSTEM CONTROL NUMBER
System control number (Sirsi) u150570
041 0# - LANGUAGE CODE
Language code of text/sound track or separate title eng
110 2# - MAIN ENTRY--CORPORATE NAME
Corporate name or jurisdiction name as entry element EC Harris
9 (RLIN) 4930
245 00 - TITLE STATEMENT
Title International Focus on the Czech Republic
Remainder of title future of Czech Republic construction industry dependent on recovery of Western economies
Medium [electronic resource]
260 ## - PUBLICATION, DISTRIBUTION, ETC.
Place of publication, distribution, etc. [S.l.]
Name of publisher, distributor, etc. ECHarris
Date of publication, distribution, etc. 2010
520 ## - SUMMARY, ETC.
Summary, etc. Examines the Czech economy, heavy reliance on exports, strong trading ties with Germany; real estate sector, offices, residential, industrial and hotels; the construction market, materials and labour costs, construction costs, tender price inflation 2001-2012; looking to the future.
590 ## - LOCAL NOTE (RLIN)
Local note KA NTK
651 #4 - SUBJECT ADDED ENTRY--GEOGRAPHIC NAME
Geographic name Czech Republic
690 ## - LOCAL SUBJECT ADDED ENTRY--TOPICAL TERM (OCLC, RLIN)
Topical term or geographic name as entry element BUILT ENVIRONMENT-CONSTRUCTION MARKET
856 40 - ELECTRONIC LOCATION AND ACCESS
Uniform Resource Identifier <a href="https://www.echarris.com/pdf/7627_International%20Focus%20on%20Czech%20Republic%20FINAL%20EURO%20VERSION.pdf">https://www.echarris.com/pdf/7627_International%20Focus%20on%20Czech%20Republic%20FINAL%20EURO%20VERSION.pdf</a>
Public note View the item free of charge at www.echarris.com
942 ## - ADDED ENTRY ELEMENTS (KOHA)
Suppress in OPAC 0
Holdings
Withdrawn status Lost status Source of classification or shelving scheme Damaged status Not for loan Home library Current library Shelving location Date acquired Total Checkouts Full call number Barcode Date last seen Copy number Price effective from Koha item type
    Dewey Decimal Classification     Virtual Virtual Online 29/07/2010   ONLINE PUBLICATION 150570-2001 06/08/2019 1 06/08/2019 Book